000 00886nam1a22002291i 4500
001 rc\4875716
005 20240724165242.0
035 _a(NLR Aleph) 008913531
090 _a8779120
_c8779120
100 _a20130426d1959 |||y0rusy50 ca
101 0 _arus
102 _aRU
105 _a z |||||
200 1 _aЭлектронные приборы
_e(Учеб. пособие)
_eВып. 1-
_fМ-во связи СССР. Ленингр. электротехн. ин-т связи им. проф. М.А. Бонч-Бруевича. Кафедра теорет. радиотехники
210 _aЛенинград
_cБ. и.
_d1959
215 _d22
606 _aЭлектронные приборы
_2psbo
700 1 _aХлебников
_bН.Н.
_gНиколай Николаевич
801 0 _aRU
_bNLR
_gpsbo
801 1 _aRU
_bELAR
_2rusmarc
852 _aNLR
_j59-6/9273
942 _cBOOK